[Event "Florianopolis op 11th"]
[Site "Florianopolis"]
[Date "2025.01.26"]
[Round "10"]
[White "Santos, Leonardo Emerim"]
[Black "Motta, Agahta dos Santos"]
[Result "1-0"]
[WhiteElo "1641"]
[BlackElo "1433"]
[PlyCount "43"]
[EventDate "2025.01.18"]
[EventType "swiss"]
[EventRounds "10"]
[EventCountry "BRA"]
[SourceTitle "CB05_2025"]
[SourceDate "2025.01.29"]
[SourceVersion "1"]
[SourceVersionDate "2025.01.29"]
[SourceQuality "1"]

1. c4 c5 2. Nc3 Nc6 3. g3 g6 4. b3 Bg7 5. Bb2 Nf6 6. Nd5 0-0 7. Nxf6+ exf6 8. Nf3 Re8 9. Bg2 Ne5 10. 0-0 d6 11. d4 cxd4 12. Nxd4 Qb6 13. Nb5 a6 14. Qxd6 Re6 15. Qxb6 Rxb6 16. Nc7 Rb8 17. Rfd1 Bg4 18. c5 Re6 19. Nxe6 Bxe6 20. Rd2 Bh6 21. Bxe5 fxe5 22. e3 1-0